000
00488nam a2200133Ia 4500
008
100328s9999 xx 000 0 und d
082
_b
30922
100
_a
सावंत पांडुरंग
245
_a
महाराष्ट्राचा सूर्योदय
260
_b
त्रिदल
630
_a
महाराष्ट्राचा सूर्योदय
730
_a
महाराष्ट्राचा सूर्योदय
942
_c
BOOK
999
_c
521880
_d
521877